Villes allemandes sans voyelles - Statistiques

Statistiques générales
  • Ce quiz a été pris 105 fois
  • Le résultat moyen est 12 sur 15
Statistiques - réponses
Hint Réponse % Correct
Hmbrg Hambourg
100%
Dssldrf Düsseldorf
99%
Lpzg Leipzig
98%
Stttgrt Stuttgart
96%
Bdn-Bdn Baden-Baden
91%
Ptsdm Potsdam
89%
Brm Brême
86%
Mnnhm Mannheim
84%
ssn Essen
77%
Kl Kiel
76%
Krlsrh Karlsruhe
69%
lm Ulm
66%
Dsbrg Duisburg
63%
Wpprtl Wuppertal
52%
gsbrg Augsbourg
49%
Aucun quiz correspondant
Distribution des résultats
% des personnes avec chaque résultat
Percentile par nombre de réponses
Votre historique - résultats
Vous n’avez pas pris ce quiz